Plain Words : (Record no. 185373)
[ view plain ]
| 000 -LEADER | |
|---|---|
| fixed length control field | 00657 a2200169 4500 |
| 003 - CONTROL NUMBER IDENTIFIER | |
| control field | Nust |
| 005 - DATE AND TIME OF LATEST TRANSACTION | |
| control field | 20230314113048.0 |
| 040 ## - CATALOGING SOURCE | |
| Transcribing agency | Nust |
| 082 ## - DEWEY DECIMAL CLASSIFICATION NUMBER | |
| Classification number | 420,COW |
| 100 ## - MAIN ENTRY--PERSONAL NAME | |
| Personal name | Gowers, Ernest |
| 9 (RLIN) | 38886 |
| 245 ## - TITLE STATEMENT | |
| Title | Plain Words : |
| Remainder of title | a guide to the use of English / |
| Statement of responsibility, etc. | Ernest Gowers |
| 260 ## - PUBLICATION, DISTRIBUTION, ETC. | |
| Place of publication, distribution, etc. | London |
| Name of publisher, distributor, etc. | H.M. Stationery Office |
| Date of publication, distribution, etc. | 1948 |
| 300 ## - PHYSICAL DESCRIPTION | |
| Extent | v, 90 p. |
| 505 ## - FORMATTED CONTENTS NOTE | |
| Formatted contents note | A Digression on Legal English (Page-6), The Elements (Page-11), Correctness (Page-24), The Choice of Word I (Page-30), The Choice of Word 2 (Page-35), The Choice of Word 3 (Page-48), The Choice of Word 4 (Page-61), The Handling Words (Page-68). |
| 650 ## - SUBJECT ADDED ENTRY--TOPICAL TERM | |
| Topical term or geographic name entry element | Words |
| 9 (RLIN) | 110250 |
| 942 ## - ADDED ENTRY ELEMENTS (KOHA) | |
| Source of classification or shelving scheme | |
| Koha item type | Book |
| Withdrawn status | Lost status | Source of classification or shelving scheme | Damaged status | Not for loan | Permanent Location | Current Location | Shelving location | Date acquired | Full call number | Barcode | Date last seen | Price effective from | Koha item type | Public note |
|---|---|---|---|---|---|---|---|---|---|---|---|---|---|---|
| Military College of Signals (MCS) | Military College of Signals (MCS) | General Stacks | 12/12/2016 | 420,GOW | MCS21535 | 12/08/2016 | 12/12/2016 | Book | Almirah No.74, Shelf No.4 |
